000 00599nam a2200181 a 4500
001 000040109
005 20201002033925.0
008 130807s1969 sp 000 0 spa d
040 _aDO-SdBNP
_bspa
_cBNPHU
100 1 _aMercier, Paul
_966372
245 1 0 _aHistoria de la antropología /
_cPaul Mercier ; traducción Agustina Fort, Carme Huera.
260 _aLa Habana :
_bPenínsula,
_c1969.
300 _a234 p. ;
_c21 cm.
490 1 _aHistoria ciencia Sociedad
_v41
700 1 _aFort, Agustina
_ttr.
_966373
700 1 _aHuera, Carme
_ttr.
_966374
830 0 _aHistoria ciencia Sociedad
_v41
_94624
999 _c39599
_d39599